00593nam a2200205Ia 4500008004100000050001700041050001600058100002800074245004400102245003200146245002800178260003100206260001000237260001000247300001500257300002000272300001100292500005600303521002800359160517s9999 xx 000 0 und d aHF 5415.335  b.Al473 2016 aAlvarez, Chuck Alvin C. aLevel of brand equity of SISC college : bbasis for recommendations / cChuck Alvin C. Alvarez. aLas Piñas, Philippines : bSISC, c2016. a65 pages : billustrations ; c28 cm. aIncludes bibliographical references and appendices. aBusiness Administration